[Event "British Rapidplay"]
[Site "Peterborough"]
[Date "2024.03.02"]
[Round "6"]
[White "Ledger, Stephen C"]
[Black "Hunt, Harriet"]
[Result "0-1"]
[WhiteElo "2002"]
[BlackElo "2307"]
[PlyCount "64"]
[EventDate "2024.03.02"]
[EventType "swiss (rapid)"]
[EventRounds "11"]
[EventCountry "ENG"]
[SourceTitle "CB10_2024"]
[SourceDate "2024.03.06"]
[SourceVersion "1"]
[SourceVersionDate "2024.03.06"]
[SourceQuality "1"]

1. d4 Nf6 2. Bg5 e6 3. Nd2 h6 4. Bh4 d5 5. e3 c5 6. c3 Nc6 7. Ngf3 Be7 8. Bd3 Qb6 9. Qb1 g5 10. Bg3 Nh5 11. Ne5 Nxg3 12. hxg3 Nxe5 13. dxe5 Bd7 14. e4 c4 15. Be2 0-0-0 16. b3 Bc5 17. 0-0 cxb3 18. Qxb3 Bc6 19. exd5 Bxd5 20. Nc4 Qc7 21. Rab1 h5 22. Qa4 Bc6 23. Qb3 h4 24. g4 h3 25. Bf3 hxg2 26. Bxg2 Rh4 27. Nd6+ Bxd6 28. exd6 Rxd6 29. f3 Rd2 30. Rf2 Qh2+ 31. Kf1 Rxf2+ 32. Kxf2 Rh3 0-1

[Event "BCF-chT 2223 (4NCL)"]
[Site "England"]
[Date "2023.01.14"]
[Round "3.5"]
[White "Serbanescu, Diana Maria"]
[Black "Ledger, Stephen C"]
[Result "0-1"]
[WhiteElo "1995"]
[BlackElo "1975"]
[PlyCount "96"]
[EventDate "2022.10.22"]
[EventType "team-swiss"]
[EventRounds "11"]
[EventCountry "ENG"]
[SourceTitle "CBM 213 Extra"]
[Source "ChessBase"]
[SourceDate "2023.05.31"]
[SourceVersion "1"]
[SourceVersionDate "2023.05.31"]
[SourceQuality "1"]
[WhiteTeam "Celtic Tigers"]
[BlackTeam "Blackthorne Russia"]
[WhiteTeamCountry "ENG"]
[BlackTeamCountry "ENG"]

1. e4 c5 2. c3 d5 3. exd5 Qxd5 4. d4 Nf6 5. Nf3 e6 6. Nbd2 Nc6 7. Bc4 Qd6 8. dxc5 Qxc5 9. Qe2 Be7 10. 0-0 Bd7 11. Re1 Rc8 12. Bd3 Qh5 13. Ne4 0-0 14. Ng3 Qa5 15. Bf4 Nd5 16. Bd2 Qc7 17. Rad1 Rfd8 18. Ng5 h6 19. Nxf7 Kxf7 20. Qh5+ Kf8 21. Bxh6 Bf6 22. Bc1 Ne5 23. Bc2 Be8 24. Qh8+ Ke7 25. f4 Bg6 26. Qxd8+ Rxd8 27. fxe5 Bxc2 28. exf6+ Nxf6 29. Rxd8 Qxd8 30. h3 Qb6+ 31. Kh2 Qd6 32. Bg5 Kf7 33. Rf1 Kg6 34. Bf4 e5 35. Bc1 Bd3 36. Rf2 Ne4 37. Nxe4 Bxe4 38. Be3 a6 39. Rd2 Qc7 40. a3 Bc6 41. Kg3 Kf5 42. Rf2+ Ke4 43. Bc1 Kd3 44. Rd2+ Kc4 45. Rf2 Qd6 46. Kh2 e4+ 47. Bf4 Qe6 48. Be3 Kd3 0-1

[Event "Southend Easter op 64th"]
[Site "Southend"]
[Date "2022.04.16"]
[Round "3"]
[White "Verma, Shlok"]
[Black "Ledger, Stephen C"]
[Result "0-1"]
[WhiteElo "1831"]
[BlackElo "2010"]
[PlyCount "56"]
[EventDate "2022.04.15"]
[EventType "swiss"]
[EventRounds "7"]
[EventCountry "ENG"]
[SourceTitle "CBM 207 Extra"]
[Source "ChessBase"]
[SourceDate "2022.05.31"]
[SourceVersion "1"]
[SourceVersionDate "2022.05.31"]
[SourceQuality "1"]

1. d4 Nf6 2. c4 c5 3. d5 e6 4. Nc3 exd5 5. cxd5 d6 6. e4 g6 7. Nge2 Bg7 8. Ng3 0-0 9. Be2 a6 10. a4 Re8 11. 0-0 Nbd7 12. Be3 h5 13. f3 Nh7 14. Qd2 Ne5 15. Rab1 h4 16. Nh1 f5 17. Nf2 Qe7 18. b4 b6 19. bxc5 bxc5 20. Rb3 g5 21. exf5 Nxf3+ 22. Bxf3 Qxe3 23. Qc2 Qf4 24. Bh5 Bxf5 25. Qd1 Be5 26. Ng4 Bxg4 27. Bxg4 Qxh2+ 28. Kf2 Bd4+ 0-1

[Event "EUR-chT Seniors 50"]
[Site "Mali Losinj"]
[Date "2019.09.19"]
[Round "2.2"]
[White "Ledger, Stephen C"]
[Black "Fercec, Nenad"]
[Result "0-1"]
[WhiteElo "2000"]
[BlackElo "2439"]
[PlyCount "46"]
[EventDate "2019.09.18"]
[EventType "team-swiss"]
[EventRounds "9"]
[EventCountry "CRO"]
[SourceTitle "EXT 2020"]
[Source "ChessBase"]
[SourceDate "2019.10.17"]
[SourceVersion "1"]
[SourceVersionDate "2019.10.17"]
[SourceQuality "1"]
[WhiteTeam "England 50"]
[BlackTeam "Croatia 50"]
[WhiteTeamCountry "ENG"]
[BlackTeamCountry "CRO"]

1. d4 Nf6 2. Bg5 Ne4 3. Bf4 c5 4. f3 Qa5+ 5. c3 Nf6 6. Nd2 cxd4 7. Nb3 Qd8 8. cxd4 d5 9. e3 g6 10. Ne2 Bg7 11. Nc3 0-0 12. Bd3 Nc6 13. 0-0 a5 14. Rc1 a4 15. Nd2 Qa5 16. a3 Nh5 17. Bg5 e5 18. dxe5 Nxe5 19. Bb1 d4 20. exd4 Nd3 21. Bxd3 Bxd4+ 22. Kh1 Ng3+ 23. hxg3 Qxg5 0-1

[Event "BCF-chTb 1819 (4NCL)"]
[Site "Daventry"]
[Date "2019.02.09"]
[Round "5.78"]
[White "Ledger, Stephen C"]
[Black "Reeve, Andy K"]
[Result "1/2-1/2"]
[WhiteElo "2023"]
[BlackElo "2088"]
[PlyCount "114"]
[EventDate "2018.11.10"]
[EventType "team-tourn"]
[EventRounds "11"]
[EventCountry "ENG"]
[SourceTitle "CBM 188 Extra"]
[Source "ChessBase"]
[SourceDate "2019.02.26"]
[SourceVersion "1"]
[SourceVersionDate "2019.02.26"]
[SourceQuality "1"]
[WhiteTeam "Blackthorne Russia"]
[BlackTeam "3CS Oldham"]
[WhiteTeamCountry "ENG"]
[BlackTeamCountry "ENG"]

1. d4 d6 2. e4 Nf6 3. Nc3 c6 4. Nf3 Bg4 5. h3 Bh5 6. Qe2 Bg6 7. Nh4 e5 8. Nxg6 hxg6 9. Be3 Be7 10. g3 b5 11. Bg2 a6 12. 0-0 Nbd7 13. Rad1 Qc7 14. f4 0-0 15. g4 b4 16. Na4 Rae8 17. b3 c5 18. dxe5 dxe5 19. Qxa6 Ra8 20. Qe2 exf4 21. Bxf4 Ne5 22. Qe3 Bd6 23. Qg3 Rfe8 24. c3 Nfd7 25. Rd5 Nf6 26. Rd2 g5 27. Bxg5 Nc4 28. Rxd6 Qxd6 29. Qxd6 Nxd6 30. e5 Rxa4 31. bxa4 Rxe5 32. Bxf6 gxf6 33. cxb4 cxb4 34. Rxf6 Nc4 35. Rf4 Rc5 36. Kf2 Ne5 37. Kg1 Nc4 38. Kh2 Ne3 39. Re4 Rc3 40. Kg1 Nc4 41. h4 Rc1+ 42. Kh2 Kg7 43. g5 Rc2 44. Kg3 Rc3+ 45. Kf4 Rc2 46. Bf3 Nb2 47. h5 Nxa4 48. Rxb4 Nc5 49. Rb5 Ne6+ 50. Kg4 Rc4+ 51. Kg3 Rc3 52. Rf5 Ra3 53. Rd5 Rxa2 54. h6+ Kg8 55. Rb5 Ra3 56. Kg4 Ra4+ 57. Kg3 Ra3 1/2-1/2

[Event "BCF-chTb 1819 (4NCL)"]
[Site "Daventry"]
[Date "2019.01.12"]
[Round "3.87"]
[White "Stepanyan, Henrik"]
[Black "Ledger, Stephen C"]
[Result "1/2-1/2"]
[WhiteElo "2158"]
[BlackElo "2014"]
[PlyCount "76"]
[EventDate "2018.11.10"]
[EventType "team-tourn"]
[EventRounds "11"]
[EventCountry "ENG"]
[SourceTitle "CBM 188 Extra"]
[Source "ChessBase"]
[SourceDate "2019.02.26"]
[SourceVersion "1"]
[SourceVersionDate "2019.02.26"]
[SourceQuality "1"]
[WhiteTeam "Wood Green Monarchs"]
[BlackTeam "Blackthorne Russia"]
[WhiteTeamCountry "ENG"]
[BlackTeamCountry "ENG"]

1. d4 Nf6 2. Nf3 c5 3. d5 b5 4. Bg5 d6 5. Bxf6 exf6 6. e4 a6 7. a4 b4 8. Bd3 g6 9. a5 Bg7 10. c3 bxc3 11. bxc3 0-0 12. 0-0 Bg4 13. h3 Bxf3 14. Qxf3 Re8 15. Nd2 Nd7 16. Nc4 Ne5 17. Nxe5 Rxe5 18. Rfb1 Re7 19. Rb6 f5 20. exf5 Bxc3 21. Rab1 Bxa5 22. Rc6 Rc7 23. Qf4 Rxc6 24. dxc6 Bc7 25. Rb7 Rb8 26. fxg6 hxg6 27. Bc4 Qe7 28. Qg4 d5 29. Rxb8+ Bxb8 30. Qc8+ Qf8 31. Qxf8+ Kxf8 32. Bxd5 Ke7 33. Kf1 g5 34. g3 f6 35. h4 gxh4 36. gxh4 Bf4 37. Ke2 Kd6 38. Bc4 Kxc6 1/2-1/2

[Event "BCF-chTb 1819 (4NCL)"]
[Site "Daventry"]
[Date "2018.11.11"]
[Round "2.6"]
[White "Head, Louise"]
[Black "Ledger, Stephen C"]
[Result "1-0"]
[WhiteElo "2063"]
[BlackElo "2023"]
[PlyCount "121"]
[EventDate "2018.11.10"]
[EventType "team-tourn"]
[EventRounds "11"]
[EventCountry "ENG"]
[SourceTitle "CBM 187 Extra"]
[Source "ChessBase"]
[SourceDate "2018.11.04"]
[SourceVersion "1"]
[SourceVersionDate "2018.11.04"]
[SourceQuality "1"]
[WhiteTeam "Grantham Sharks"]
[BlackTeam "Blackthorne Russia"]
[WhiteTeamCountry "ENG"]
[BlackTeamCountry "ENG"]

1. d4 Nf6 2. c4 c5 3. d5 b5 4. cxb5 a6 5. b6 e6 6. Nc3 Nxd5 7. Nxd5 exd5 8. Qxd5 Nc6 9. Nf3 Rb8 10. e4 Be7 11. Bc4 0-0 12. Bd2 Rxb6 13. Bc3 d6 14. Qd3 Bf6 15. 0-0 Bxc3 16. Qxc3 Qe7 17. Rfe1 Bg4 18. Nd2 Nd4 19. Nb3 Nb5 20. Qe3 Be6 21. Bxe6 Qxe6 22. e5 Qxe5 23. Qxe5 dxe5 24. Rxe5 Nd4 25. Nxd4 cxd4 26. b3 Rd8 27. Kf1 f6 28. Re4 Rc6 29. Rd1 Rc2 30. Re2 Rc5 31. Ke1 Kf7 32. Red2 Re5+ 33. Kf1 Red5 34. Ke2 Ke6 35. Kd3 Rc5 36. Rc2 Rxc2 37. Kxc2 Rd5 38. Kd3 Rg5 39. g3 Kd5 40. Rc1 Rf5 41. f4 Rh5 42. Rc2 Rh3 43. b4 h5 44. Rc5+ Kd6 45. Ra5 Rxh2 46. Rxa6+ Kd5 47. Ra5+ Kc6 48. Kxd4 h4 49. gxh4 Rxh4 50. Ke3 Kb6 51. a3 g6 52. a4 Rh3+ 53. Ke4 Rb3 54. Rb5+ Kc6 55. Rc5+ Kd6 56. Rd5+ Ke6 57. Rb5 f5+ 58. Kd4 Rf3 59. Rb6+ Kd7 60. Ke5 Re3+ 61. Kf6 1-0

[Event "EU-Cup 34th"]
[Site "Porto Carras"]
[Date "2018.10.15"]
[Round "4.6"]
[White "Varnam, Liam"]
[Black "Ledger, Stephen C"]
[Result "1-0"]
[WhiteElo "2089"]
[BlackElo "2020"]
[PlyCount "117"]
[EventDate "2018.10.12"]
[EventType "team-swiss"]
[EventRounds "7"]
[EventCountry "GRE"]
[SourceTitle "CBM 187"]
[Source "ChessBase"]
[SourceDate "2018.12.11"]
[SourceVersion "1"]
[SourceVersionDate "2018.12.11"]
[SourceQuality "1"]
[WhiteTeam "Grantham Sharks"]
[BlackTeam "Blackthorne Russia"]
[WhiteTeamCountry "ENG"]
[BlackTeamCountry "ENG"]

1. e4 d5 2. exd5 Qxd5 3. Nc3 Qd6 4. d4 Nf6 5. Nf3 c6 6. Bc4 Bg4 7. Be3 e6 8. h3 Bh5 9. Qe2 Nbd7 10. 0-0-0 Be7 11. g4 Bg6 12. Rhg1 Nb6 13. h4 Nxc4 14. Qxc4 Be4 15. Nxe4 Nxe4 16. Qd3 Nf6 17. c4 Nd7 18. g5 a6 19. Nd2 0-0-0 20. Qc2 Kb8 21. c5 Qd5 22. Nc4 Ka7 23. Bf4 b5 24. cxb6+ Nxb6 25. Nxb6 Kxb6 26. Rg3 Bd6 27. Rb3+ Ka7 28. Bxd6 Rxd6 29. Re3 Rhd8 30. b3 Qb5 31. Rc3 Rxd4 32. Rxd4 Rxd4 33. Rxc6 Rd7 34. Rc7+ Rxc7 35. Qxc7+ Ka8 36. Qxf7 Qc5+ 37. Kb1 Qc3 38. Qe8+ Kb7 39. Qf7+ Kb8 40. Qg8+ Kb7 41. Qxh7 Qe1+ 42. Kc2 Qxf2+ 43. Kd3 Qf3+ 44. Kd4 Qd5+ 45. Ke3 Qc5+ 46. Kf3 Qc3+ 47. Kg4 Qd4+ 48. Kh5 Kc6 49. Kg6 e5 50. Qxg7 Qd3+ 51. Kh6 e4 52. g6 Qd2+ 53. Kh7 e3 54. Qf6+ Kc5 55. g7 e2 56. g8Q Qd3+ 57. Kh8 e1Q 58. Qgf8+ Kb5 59. a4+ 1-0

[Event "BCF-chT1b 1718 (4NCL)"]
[Site "England"]
[Date "2018.01.14"]
[Round "4.57"]
[White "Radovanovic, Jovica"]
[Black "Ledger, Stephen C"]
[Result "1-0"]
[WhiteElo "2305"]
[BlackElo "2041"]
[PlyCount "55"]
[EventDate "2017.11.11"]
[EventType "team-swiss"]
[EventRounds "11"]
[EventCountry "ENG"]
[SourceTitle "EXT 2019"]
[Source "ChessBase"]
[SourceDate "2018.10.10"]
[SourceVersion "1"]
[SourceVersionDate "2018.10.10"]
[SourceQuality "1"]
[WhiteTeam "Cheddleton"]
[BlackTeam "Blackthorne Russia"]
[WhiteTeamCountry "ENG"]
[BlackTeamCountry "ENG"]

1. d4 Nf6 2. c4 c5 3. d5 b5 4. Qc2 e6 5. e4 bxc4 6. Nc3 Bb7 7. Bxc4 exd5 8. exd5 d6 9. Nge2 Be7 10. Ng3 Nbd7 11. 0-0 0-0 12. Nf5 a6 13. Re1 Re8 14. Bg5 g6 15. Rxe7 Rxe7 16. Nxd6 Qb6 17. Nxb7 Qxb7 18. d6 Re5 19. f4 Re3 20. f5 Re5 21. Bxf6 Nxf6 22. fxg6 Rg5 23. gxf7+ Kg7 24. Rf1 Rd8 25. Rxf6 Rxg2+ 26. Qxg2+ Qxg2+ 27. Kxg2 Kxf6 28. Ne4+ 1-0

[Event "Southend Easter op 61st"]
[Site "Southend"]
[Date "2017.04.14"]
[Round "2"]
[White "Willmoth, Robert"]
[Black "Ledger, Stephen C"]
[Result "1/2-1/2"]
[WhiteElo "2176"]
[BlackElo "2047"]
[PlyCount "132"]
[EventDate "2017.04.14"]
[EventType "swiss"]
[EventRounds "7"]
[EventCountry "ENG"]
[SourceTitle "EXT 2018"]
[Source "ChessBase"]
[SourceDate "2017.10.13"]
[SourceVersion "1"]
[SourceVersionDate "2017.10.13"]
[SourceQuality "1"]

1. d4 Nf6 2. Nf3 c5 3. c4 cxd4 4. Nxd4 e5 5. Nb5 d5 6. cxd5 Bc5 7. e3 0-0 8. N5c3 e4 9. a3 Qe7 10. b4 Bd6 11. Bb2 Nbd7 12. Nd2 Nb6 13. Nc4 Nxc4 14. Bxc4 Bg4 15. Be2 Bf5 16. Qb3 Rac8 17. Rd1 Rfd8 18. Nb5 Bb8 19. 0-0 a6 20. d6 Qd7 21. Bxf6 gxf6 22. Nc7 Bxc7 23. dxc7 Qxc7 24. Rxd8+ Rxd8 25. Qb2 Kg7 26. h3 Rd5 27. Rd1 Rxd1+ 28. Bxd1 Qe5 29. Qxe5 fxe5 30. Bb3 b6 31. Bd5 Bg6 32. Kf1 f5 33. Bc4 a5 34. bxa5 bxa5 35. Ke2 Kf6 36. Kd2 Ke7 37. Kc3 Kd6 38. Bb5 Kc5 39. Bd7 h6 40. Kb3 Bh7 41. Be6 Bg6 42. Bd7 Kd6 43. Bc8 Kc7 44. Ba6 Kb6 45. Bc4 Kc5 46. Bg8 Be8 47. h4 Bd7 48. Bh7 Be6+ 49. Kc3 Kd5 50. Bg6 Kc5 51. Be8 Bc8 52. Kb3 Be6+ 53. Ka4 Kb6 54. g3 Bc8 55. Bb5 Be6 56. Be2 Bd7+ 57. Kb3 Kc5 58. f3 exf3 59. Bxf3 Be6+ 60. Kc3 Bd7 61. Bh5 Be6 62. Be2 Bd7 63. e4 fxe4 64. g4 Be6 65. g5 hxg5 66. hxg5 Bf7 1/2-1/2

[Event "BCF-chT1a 1617 (4NCL)"]
[Site "England"]
[Date "2017.02.11"]
[Round "5.47"]
[White "Larter, Nick J"]
[Black "Ledger, Stephen C"]
[Result "1/2-1/2"]
[WhiteElo "1806"]
[BlackElo "2056"]
[PlyCount "83"]
[EventDate "2016.11.19"]
[EventType "team-tourn"]
[EventRounds "7"]
[EventCountry "ENG"]
[SourceTitle "EXT 2018"]
[Source "ChessBase"]
[SourceDate "2017.10.13"]
[SourceVersion "1"]
[SourceVersionDate "2017.10.13"]
[SourceQuality "1"]
[WhiteTeam "Celtic Tigers"]
[BlackTeam "Blackthorne Russia"]
[WhiteTeamCountry "ENG"]
[BlackTeamCountry "ENG"]

1. e4 c5 2. a3 g6 3. d4 cxd4 4. c3 d3 5. Bxd3 Bg7 6. f4 Nc6 7. Nf3 d6 8. Be3 Nf6 9. h3 0-0 10. 0-0 b6 11. Nbd2 Bb7 12. Qe1 e6 13. f5 exf5 14. exf5 Re8 15. Qf2 Ne5 16. Bc2 Nxf3+ 17. Nxf3 Ne4 18. Bxe4 Bxe4 19. fxg6 Bxg6 20. Bd4 Be5 21. Rad1 Qc7 22. Nh4 Re6 23. Qf3 Rae8 24. Qg4 Bxd4+ 25. Rxd4 Re4 26. Rxe4 Rxe4 27. Qg5 Qc5+ 28. Qxc5 dxc5 29. Nxg6 hxg6 30. g4 Kg7 31. Rf2 b5 32. Kg2 a5 33. Kg3 b4 34. Rf4 Re3+ 35. Rf3 Re2 36. cxb4 cxb4 37. axb4 axb4 38. Rb3 Re4 39. Rf3 Rd4 40. Rf4 Rd3+ 41. Rf3 Rd2 42. Rf2 1/2-1/2

[Event "BCF-chT1a 1617 (4NCL)"]
[Site "England"]
[Date "2017.01.15"]
[Round "4.27"]
[White "Ledger, Stephen C"]
[Black "Franklin, Samuel Gideon"]
[Result "1/2-1/2"]
[WhiteElo "2056"]
[BlackElo "2302"]
[PlyCount "87"]
[EventDate "2016.11.19"]
[EventType "team-tourn"]
[EventRounds "7"]
[EventCountry "ENG"]
[SourceTitle "EXT 2018"]
[Source "ChessBase"]
[SourceDate "2017.10.13"]
[SourceVersion "1"]
[SourceVersionDate "2017.10.13"]
[SourceQuality "1"]
[WhiteTeam "Blackthorne Russia"]
[BlackTeam "Barbican"]
[WhiteTeamCountry "ENG"]
[BlackTeamCountry "ENG"]

1. d4 Nf6 2. Bg5 e6 3. e4 c5 4. d5 d6 5. Nc3 Be7 6. Bb5+ Bd7 7. Bxd7+ Qxd7 8. Nf3 0-0 9. 0-0 h6 10. Bxf6 Bxf6 11. dxe6 fxe6 12. e5 dxe5 13. Qxd7 Nxd7 14. Rad1 Rfd8 15. Rfe1 Nb6 16. Ne4 Rd5 17. Nc3 Rxd1 18. Rxd1 Kf7 19. g3 Ke7 20. Re1 Nd5 21. Nxd5+ exd5 22. Nxe5 Kd6 23. f4 Re8 24. Nc4+ Kd7 25. Rxe8 Kxe8 26. Ne3 Bxb2 27. Nxd5 Kd7 28. Kf2 b5 29. Kf3 Kd6 30. Ke4 a5 31. g4 c4 32. h4 b4 33. h5 Kc5 34. g5 hxg5 35. fxg5 a4 36. h6 gxh6 37. gxh6 Bh8 38. Ne3 b3 39. cxb3 cxb3 40. axb3 axb3 41. Kd3 Kb4 42. Nd1 Ka3 43. h7 Ka2 44. Kc4 1/2-1/2

[Event "Southend op 60th"]
[Site "Southend"]
[Date "2016.03.26"]
[Round "4"]
[White "Ledger, Stephen C"]
[Black "Eames, Robert"]
[Result "1/2-1/2"]
[WhiteElo "2066"]
[BlackElo "2212"]
[PlyCount "102"]
[EventDate "2016.03.25"]
[EventType "swiss"]
[EventRounds "7"]
[EventCountry "ENG"]
[SourceTitle "CBM 171 Extra"]
[Source "ChessBase"]
[SourceDate "2016.04.26"]
[SourceVersion "1"]
[SourceVersionDate "2016.04.26"]
[SourceQuality "1"]

1. d4 d5 2. Nf3 Nf6 3. Bg5 Ne4 4. Bf4 c5 5. e3 Nc6 6. c3 Qb6 7. Qb3 c4 8. Qc2 Bf5 9. Qc1 h6 10. h3 e6 11. Nbd2 Be7 12. Be2 0-0 13. 0-0 Qd8 14. Ne5 Nxe5 15. Bxe5 f6 16. Bh2 b5 17. a3 Bd6 18. Bxd6 Qxd6 19. Bd1 e5 20. Nxe4 Bxe4 21. Bc2 Bxc2 22. Qxc2 e4 23. Qe2 f5 24. f3 Rae8 25. f4 a5 26. Kh1 Kh7 27. Rg1 g5 28. Raf1 Rg8 29. fxg5 Rxg5 30. Rf4 Reg8 31. Qf2 Qg6 32. Kh2 b4 33. axb4 axb4 34. g3 bxc3 35. bxc3 Rf8 36. h4 Rg4 37. Rf1 Rxf4 38. Qxf4 h5 39. Rb1 Rf7 40. Rb5 Qc6 41. Rc5 Qb7 42. Qg5 Qb2+ 43. Kg1 Qc1+ 44. Kf2 Qd2+ 45. Kg1 Qe1+ 46. Kg2 Qe2+ 47. Kg1 f4 48. exf4 Qd1+ 49. Kh2 Qe2+ 50. Kg1 Qd1+ 51. Kh2 Qe2+ 1/2-1/2

[Event "BCF-chT1b 1516 (4NCL)"]
[Site "England"]
[Date "2016.01.24"]
[Round "4.168"]
[White "Ledger, Stephen C"]
[Black "Norinkeviciute, Rasa"]
[Result "1/2-1/2"]
[WhiteElo "2177"]
[BlackElo "2036"]
[PlyCount "84"]
[EventDate "2015.11.14"]
[EventType "team-swiss"]
[EventRounds "11"]
[EventCountry "ENG"]
[SourceTitle "CBM 170 Extra"]
[Source "ChessBase"]
[SourceDate "2016.02.25"]
[SourceVersion "1"]
[SourceVersionDate "2016.02.25"]
[SourceQuality "1"]
[WhiteTeam "Blackthorne Russia"]
[BlackTeam "Sussex Martlets"]
[WhiteTeamCountry "ENG"]
[BlackTeamCountry "ENG"]

1. d4 Nf6 2. Bg5 e6 3. Nf3 h6 4. Bh4 Be7 5. e3 b6 6. Nbd2 Bb7 7. Bd3 d6 8. 0-0 Nbd7 9. c3 a6 10. Qe2 0-0 11. Rad1 Nh7 12. Bxe7 Qxe7 13. e4 c5 14. e5 f5 15. exf6 Qxf6 16. Rfe1 Rfe8 17. Ne4 Bxe4 18. Bxe4 d5 19. Bc2 b5 20. Qd3 Nhf8 21. Ne5 c4 22. Qg3 Nxe5 23. Rxe5 Ra7 24. Rde1 Rae7 25. R1e3 g6 26. h4 Kh8 27. Rf3 Qg7 28. h5 g5 29. Re1 Rd8 30. Rfe3 Qf7 31. Qg4 Qf6 32. Rf1 e5 33. Rfe1 Rde8 34. dxe5 Rxe5 35. Qd4 Nd7 36. Rxe5 Rxe5 37. Rxe5 Qxe5 38. Qxe5+ Nxe5 39. Kf1 Kg7 40. Ke2 Kf6 41. Ke3 Ng4+ 42. Kf3 Ne5+ 1/2-1/2

[Event "Teplice op 10th"]
[Site "Teplice"]
[Date "2015.06.14"]
[Round "2"]
[White "Frost, Peter"]
[Black "Ledger, Stephen C"]
[Result "1/2-1/2"]
[WhiteElo "1830"]
[BlackElo "2076"]
[PlyCount "155"]
[EventDate "2015.06.13"]
[EventType "swiss"]
[EventRounds "9"]
[EventCountry "CZE"]
[SourceTitle "EXT 2017"]
[Source "ChessBase"]
[SourceDate "2016.10.25"]
[SourceVersion "1"]
[SourceVersionDate "2016.10.25"]
[SourceQuality "1"]

1. d4 Nf6 2. c4 c5 3. d5 b5 4. Nf3 e6 5. dxe6 fxe6 6. Nc3 b4 7. Nb5 d6 8. a3 Nc6 9. axb4 Nxb4 10. g3 Bb7 11. Bh3 a6 12. Nc3 Qd7 13. 0-0 Nc6 14. Nd5 Nxd5 15. cxd5 Nd8 16. dxe6 Qc6 17. Bg5 Be7 18. Bxe7 Kxe7 19. Qd2 Nxe6 20. Qe3 Qe4 21. Qxe4 Bxe4 22. Bxe6 Bxf3 23. Bc4 Bb7 24. Rfd1 Rhd8 25. Bd5 Bxd5 26. Rxd5 Rdb8 27. Rad1 Rxb2 28. Rxd6 Rxe2 29. Rd7+ Kf6 30. R1d6+ Re6 31. Rxe6+ Kxe6 32. Rxg7 c4 33. Kf1 Kd5 34. Ke2 a5 35. Rxh7 a4 36. Rb7 Kd4 37. Kd2 a3 38. Rb1 Rf8 39. f4 Rh8 40. h4 Rg8 41. Rb7 a2 42. Rd7+ Kc5 43. Ra7 Rxg3 44. Kc2 Rf3 45. Rxa2 Kd4 46. Ra8 Rf2+ 47. Kb1 Rxf4 48. Rg8 Rxh4 49. Rg3 Rh2 50. Rf3 Rd2 51. Rh3 Rd3 52. Rh8 Kc3 53. Kc1 Rg3 54. Kb1 Rg1+ 55. Ka2 Rd1 56. Rh3+ Kc2 57. Rh2+ Rd2 58. Rh1 c3 59. Rg1 Rd1 60. Rg2+ Rd2 61. Rg1 Rf2 62. Rh1 Rg2 63. Rf1 Re2 64. Rh1 Rg2 65. Rf1 Rh2 66. Rg1 Rd2 67. Rh1 Rd7 68. Rh2+ Rd2 69. Rh1 Rd8 70. Rh2+ Kd1 71. Rh1+ Kd2 72. Rh2+ Kd3 73. Rh3+ Kc4 74. Rh4+ Rd4 75. Rh8 Kd3 76. Rh3+ Kc2 77. Rh2+ Rd2 78. Rh1 1/2-1/2